000 00443cam a2200145 4500500
005 20251228050744.0
041 _afre
042 _adc
100 1 0 _aSchérer, René
_eauthor
245 0 0 _aLe commun différentiel de Charles Fourier
260 _c2016.
500 _a3
786 0 _nChimères | 87 | 3 | 2016-01-29 | p. 69-75 | 0986-6035
856 4 1 _uhttps://shs.cairn.info/revue-chimeres-2015-3-page-69?lang=fr&redirect-ssocas=7080
999 _c1581052
_d1581052